000 00263nam a22001097a 4500
008 170112b xxu||||| |||| 00| 0 eng d
020 _a0781701058
041 _aeng
080 _22ND
_a618.2
245 _aBASIC MEDICAL ENDROCRINOLOGY
_cGOODMAN, H.M
942 _2udc
_cBK
999 _c2835
_d2835